00267nam a2200097Ia 4500082001700000245001400017100007100031942000700102008004100109999001900150 aJ 523.3 PRIN 0aThe moon  a PRINJA, Raman Oxford, 2007 Rev. and updated ed 938248 cBK210817s9999 xx 000 0 und d c393517d393516